01131 2200193 4500001002100000005001500021035002000036245007500056100001600131250003100147300003200178260003400210082001100244084001700255020002200272650001700294520059900311500002700910INLIS00000000000008420240502074410 a0010-05240000061 aAbu Ayub Al Ansari :bPejuang di Waktu Senang dan Susah /cFajar Dinar0 aFajar Dinar acetakan ke-1, edisi revisi avi, 50 hlm :bilus ;c25 cm aBandung :bTitian Ilmu,c2007 a297.63 a297.63 FAJ a a978-979-130-401-6 4aSahabat Nabi aAbu Ayub Al-Ansari adalah sahabat Rasulullah Saw. yang berumur panjang. Beliau mengalami hidup di zaman empat khalifah, yaitu pada masa Hasan, Husein, Muawiya, seta zaman Yazid bin Muawiyah. Abu Ayub Al Ansari tidak pernah absen berjuang walaupun di akhir hayatnya hanya bertempur lewat hati dan lidah untuk memerangi hawa nafsunya. Dengan gagah berani, ia turut berjuang membela panji-panji Islam yang dibawa oleh Nabi tanpa mengenal takut sedikit pun. Walaupun dalam keadaan sakit dan sudah uzur, ia maish bersemangat untuk berjuang bersama kaum muslimin lainnya menyerang konstan-tinopel. aSeri Para Sahabat Nabi